Structure and properties of natural rubber-organoclay nanocomposites prepared by grafting and intercalating method in latex (Record no. 69477)

MARC details
000 -LEADER
fixed length control field 00657nam a2200217Ia 4500
100 ## - MAIN ENTRY--AUTHOR NAME
Personal name Liu Lan
245 #0 - TITLE STATEMENT
Title Structure and properties of natural rubber-organoclay nanocomposites prepared by grafting and intercalating method in latex
260 ## - PUBLICATION, DISTRIBUTION, ETC. (IMPRINT)
Name of publisher Journal of Elastomers and Plastics
Year of publication 2006
300 ## - PHYSICAL DESCRIPTION
Number of Pages 147-161
650 ## - SUBJECT ADDED ENTRY--TOPICAL TERM
Topical Term Butyl acrylate
650 ## - SUBJECT ADDED ENTRY--TOPICAL TERM
Topical Term Grafting and intercalating method
650 ## - SUBJECT ADDED ENTRY--TOPICAL TERM
Topical Term Nanocomposites
650 ## - SUBJECT ADDED ENTRY--TOPICAL TERM
Topical Term Natural rubber latex
650 ## - SUBJECT ADDED ENTRY--TOPICAL TERM
Topical Term Organoclay
700 ## - ADDED ENTRY--PERSONAL NAME
Personal name Fu Weiwen
700 ## - ADDED ENTRY--PERSONAL NAME
Personal name Guo Baochun
700 ## - ADDED ENTRY--PERSONAL NAME
Personal name Jia Demin
700 ## - ADDED ENTRY--PERSONAL NAME
Personal name Luo Yuanfang
942 ## - ADDED ENTRY ELEMENTS (KOHA)
Koha item type Journals
Holdings
Withdrawn status Lost status Damaged status Not for loan Home library Current library Shelving location Date acquired Serial Enumeration / chronology Koha item type
      Journals RRII Library RRII Library Rubber chemistry 31/08/2006 Volume 38, Issue 2 Journals